| 000 | 00609nam a2200205Ia 4500 | ||
|---|---|---|---|
| 005 | 20250507130439.0 | ||
| 008 | 008 250505s9999 xx 000 0 chi d | ||
| 020 | _a9780321084439 | ||
| 037 | _aAnnuals, Advances | ||
| 040 |
_aEASL _beng _cEASL |
||
| 041 |
_achi _2eng |
||
| 084 |
_aV41w.I05-33, P6 _qEASL |
||
| 100 |
_aDreyer Edward L _9652535 |
||
| 245 | 0 | _aZheng He: china and the oceans in the early ming dynasty,1405-1433 | |
| 260 |
_aUSA _bNY Longman _c2007 |
||
| 300 | _a238p. | ||
| 365 |
_a _b66.72 |
||
| 942 |
_cTEXL _hV41w.I05-33, P6 |
||
| 999 |
_c1320235 _d1320235 |
||